आलोचना के प्रत्यय;इतिहास और विमर्श / (Record no. 200541)
[ view plain ]
| 000 -LEADER | |
|---|---|
| fixed length control field | 01003nam a22002057a 4500 |
| 005 - DATE AND TIME OF LATEST TRANSACTION | |
| control field | 20240206105537.0 |
| 010 ## - LCCN (DPL NO) | |
| LC control number | HIN-126815 |
| 020 ## - INTERNATIONAL STANDARD BOOK NUMBER | |
| International Standard Book Number | 9789389742749 |
| Terms of availability | 595.00 |
| 035 ## - SYSTEM CONTROL NUMBER | |
| System control number | HN-99161 |
| 037 ## - SOURCE OF ACQUISITION | |
| Source of stock number/acquisition | DBAD/PUB |
| 082 ## - DEWEY DECIMAL CLASSIFICATION NUMBER | |
| Classification number | 820.08 |
| 100 ## - MAIN ENTRY--PERSONAL NAME | |
| Personal name | कन्हैया सिंह |
| 245 ## - TITLE STATEMENT | |
| Title | आलोचना के प्रत्यय;इतिहास और विमर्श / |
| Statement of responsibility, etc | कन्हैया सिंह |
| 260 ## - PUBLICATION, DISTRIBUTION, ETC. (IMPRINT) | |
| Place of publication, distribution, etc | आगरा |
| Name of publisher, distributor, etc | लोकभारती प्रकाशन |
| Date of publication, distribution, etc | 2023 |
| 270 ## - ADDRESS | |
| Address | पहली मंजिल,दरबारी बिल्डिंग महात्मा गाँधी मार्ग |
| City | प्रयागराज |
| Postal code | 211001 |
| 270 ## - ADDRESS | |
| Address | 1-बी नेताजी सुभाष मार्ग दरियागंज |
| City | नई दिल्ली |
| Postal code | 110002 |
| 300 ## - PHYSICAL DESCRIPTION | |
| Extent | 208पृ.; |
| Dimensions | 22 सेमी.(सजिल्द) |
| 700 ## - ADDED ENTRY--PERSONAL NAME | |
| Relator term | |
| 9 (RLIN) | 61527 |
| 942 ## - ADDED ENTRY ELEMENTS (KOHA) | |
| Source of classification or shelving scheme | Dewey Decimal Classification |
| Item type | Hindi Books |
| Classification part | 820.08 |
| Call number suffix | कन्हैया |
| Withdrawn status | Lost status | Not for loan | Collection code | Home library | Current library | Date acquired | Source of acquisition | Cost, normal purchase price | Full call number | Barcode | Copy number | Cost, replacement price | Koha item type |
|---|---|---|---|---|---|---|---|---|---|---|---|---|---|
| Non-fiction | Tri Nagar | Tri Nagar | 02/02/2024 | DBAD/PUB | 595.00 | 820.08 कन्हैया | HN-99161 | 1 | 595.00 | Hindi Books |
